[Event "EIRCC 2019"]
[Site "Tallinn"]
[Date "2019.12.05"]
[Round "4.25"]
[White "Cherepov, Alexej"]
[Black "Stocek, Jiri"]
[Result "1/2-1/2"]
[WhiteElo "2165"]
[BlackElo "2532"]
[Annotator "ChessBase"]
[PlyCount "98"]
[EventDate "2019.12.05"]
[EventType "swiss"]
[EventCountry "EST"]
[SourceTitle "playchess.com"]
[Source "ChessBase"]
[SourceQuality "1"]
[TimeControl "900+10"]

1. d4 {[%emt 0:00:00]} Nf6 {[%emt 0:00:00]} 2. c4 {[%emt 0:00:00]} e6 {[%emt 0:00:00]} 3. g3 {[%emt 0:00:00]} c5 {[%emt 0:00:01]} 4. Nf3 {[%emt 0:00:01]} cxd4 {[%emt 0:00:29]} 5. Nxd4 {[%emt 0:00:02]} Qa5+ {[%emt 0:00:04]} 6. Nc3 {[%emt 0:00:20]} Ne4 {[%emt 0:00:21]} 7. Qd3 {[%emt 0:00:06]} Nxc3 {[%emt 0:00:14]} 8. Bd2 {[%emt 0:00:50]} Nc6 {[%emt 0:00:59]} 9. Bxc3 {[%emt 0:01:17]} Bb4 {[%emt 0:00:12]} 10. Nb5 {[%emt 0:01:26]} Bxc3+ {[%emt 0:00:35]} 11. Qxc3 {[%emt 0:00:28]} Qxc3+ {[%emt 0:00:38]} 12. Nxc3 {[%emt 0:00:14]} Ke7 {[%emt 0:00:06]} 13. Bg2 {[%emt 0:00:11]} Rd8 {[%emt 0:00:17]} 14. O-O-O {[%emt 0:00:11]} Rb8 {[%emt 0:01:01]} 15. Rd2 {[%emt 0:00:19]} Na5 {[%emt 0:00:22]} 16. b3 {[%emt 0:00:38]} a6 {[%emt 0:00:15]} 17. c5 {[%emt 0:01:29]} b6 {[%emt 0:00:47]} 18. cxb6 {[%emt 0:00:08]} Rxb6 {[%emt 0:00:13]} 19. Na4 {[%emt 0:00:57]} Rb4 {[%emt 0:02:03]} 20. Rhd1 {[%emt 0:00:25]} d5 {[%emt 0:00:08]} 21. Rc2 {[%emt 0:00:36]} f5 {[%emt 0:04:56]} 22. Rc7+ {[%emt 0:00:50]} Bd7 {[%emt 0:00:06]} 23. Nc5 {[%emt 0:01:04]} Kd6 {[%emt 0:00:17]} 24. Rxd7+ {[%emt 0:00:08]} Rxd7 {[%emt 0:00:02]} 25. Nxd7 {[%emt 0:00:01]} Kxd7 {[%emt 0:00:15]} 26. Bxd5 {[%emt 0:00:06]} Ke7 {[%emt 0:00:08]} 27. Bg2 {[%emt 0:00:23]} Nb7 {[%emt 0:00:36]} 28. Bxb7 {[%emt 0:00:43]} Rxb7 {[%emt 0:00:01]} 29. Kb2 {[%emt 0:00:09]} g5 {[%emt 0:00:17]} 30. Rd4 {[%emt 0:00:09]} h5 {[%emt 0:00:10]} 31. h4 {[%emt 0:00:06]} g4 {[%emt 0:00:21]} 32. e4 {[%emt 0:01:52]} e5 {[%emt 0:00:28]} 33. Ra4 {[%emt 0:00:20]} Rb6 {[%emt 0:00:02]} 34. exf5 {[%emt 0:00:22]} Kf6 {[%emt 0:00:02]} 35. Rc4 {[%emt 0:01:03]} Kxf5 {[%emt 0:00:08]} 36. Kc3 {[%emt 0:00:19]} Rd6 {[%emt 0:00:18]} 37. Kc2 {[%emt 0:00:24]} Kg6 {[%emt 0:00:59]} 38. Kb2 {[%emt 0:01:47]} Kf5 {[%emt 0:00:38]} 39. Kc2 {[%emt 0:00:41]} Kg6 {[%emt 0:00:03]} 40. Kb2 {[%emt 0:00:21]} Kf5 {[%emt 0:00:01]} 41. b4 {[%emt 0:00:31]} Rd2+ {[%emt 0:00:18]} 42. Rc2 {[%emt 0:00:02]} Rd3 {[%emt 0:00:01]} 43. Rc3 {[%emt 0:00:11]} Rd2+ {[%emt 0:00:20]} 44. Rc2 {[%emt 0:00:02]} Rd3 {[%emt 0:00:00]} 45. a4 {[%emt 0:00:29]} Ke4 {[%emt 0:00:03]} 46. Rc3 {[%emt 0:00:09]} Rd2+ {[%emt 0:00:12]} 47. Rc2 {[%emt 0:00:01]} Rd3 {[%emt 0:00:06]} 48. Rc3 {[%emt 0:00:13]} Rd2+ {[%emt 0:00:02]} 49. Rc2 {[%emt 0:00:01]} Rd3 {[%emt 0:00:07]} 1/2-1/2

[Event "EIRCC 2019"]
[Site "Tallinn"]
[Date "2019.12.05"]
[Round "4.26"]
[White "Lobanov, Sergei"]
[Black "Shapiro, Viktor"]
[Result "1-0"]
[WhiteElo "2483"]
[BlackElo "2231"]
[Annotator "ChessBase"]
[PlyCount "125"]
[EventDate "2019.12.05"]
[EventType "swiss"]
[EventCountry "EST"]
[SourceTitle "playchess.com"]
[Source "ChessBase"]
[SourceQuality "1"]
[TimeControl "900+10"]

1. e4 {[%emt 0:00:00]} Nf6 {[%emt 0:00:00]} 2. e5 {[%emt 0:00:00]} Nd5 {[%emt 0:00:00]} 3. d4 {[%emt 0:00:00]} d6 {[%emt 0:00:00]} 4. Nf3 {[%emt 0:00:00]} Bg4 {[%emt 0:00:00]} 5. Be2 {[%emt 0:00:00]} e6 {[%emt 0:00:00]} 6. O-O {[%emt 0:00:03]} Be7 {[%emt 0:00:00]} 7. c4 {[%emt 0:00:07]} Nb6 {[%emt 0:00:00]} 8. Nc3 {[%emt 0:00:43]} O-O {[%emt 0:00:03]} 9. Be3 {[%emt 0:00:12]} Nc6 {[%emt 0:00:03]} 10. exd6 {[%emt 0:00:44]} cxd6 {[%emt 0:00:01]} 11. d5 {[%emt 0:00:06]} exd5 {[%emt 0:00:18]} 12. Nxd5 {[%emt 0:01:41]} Nxd5 {[%emt 0:00:02]} 13. Qxd5 {[%emt 0:00:14]} Be6 {[%emt 0:00:04]} 14. Qb5 {[%emt 0:00:25]} a6 {[%emt 0:01:04]} 15. Qxb7 {[%emt 0:01:12]} Na5 {[%emt 0:00:01]} 16. Qb4 {[%emt 0:01:14]} Nxc4 {[%emt 0:02:08]} 17. Bd4 {[%emt 0:01:19]} Ne5 {[%emt 0:04:09]} 18. Bc3 {[%emt 0:04:31]} a5 {[%emt 0:01:31]} 19. Qe4 {[%emt 0:00:34]} Nxf3+ {[%emt 0:01:04]} 20. Bxf3 {[%emt 0:00:04]} d5 {[%emt 0:00:15]} 21. Qd3 {[%emt 0:00:49]} Qb6 {[%emt 0:00:27]} 22. Rfd1 {[%emt 0:00:31]} Rfd8 {[%emt 0:00:05]} 23. Rac1 {[%emt 0:00:28]} Bc5 {[%emt 0:00:10]} 24. Bd4 {[%emt 0:02:13]} Bxd4 {[%emt 0:01:07]} 25. Qxd4 {[%emt 0:00:01]} Qxd4 {[%emt 0:00:02]} 26. Rxd4 {[%emt 0:00:01]} Rac8 {[%emt 0:00:20]} 27. Rxc8 {[%emt 0:00:15]} Rxc8 {[%emt 0:00:01]} 28. Kf1 {[%emt 0:00:07]} Kf8 {[%emt 0:00:42]} 29. Ke2 {[%emt 0:00:21]} Ke7 {[%emt 0:00:19]} 30. Kd2 {[%emt 0:00:33]} Kd6 {[%emt 0:00:03]} 31. Be2 {[%emt 0:00:25]} g5 {[%emt 0:00:25]} 32. Ra4 {[%emt 0:00:06]} Rc5 {[%emt 0:00:01]} 33. Bd3 {[%emt 0:00:08]} h6 {[%emt 0:00:44]} 34. g3 {[%emt 0:00:22]} g4 {[%emt 0:00:30]} 35. b4 {[%emt 0:00:42]} axb4 {[%emt 0:00:03]} 36. Rxb4 {[%emt 0:00:00]} Ke5 {[%emt 0:01:26]} 37. a4 {[%emt 0:00:15]} d4 {[%emt 0:00:23]} 38. Rb5 {[%emt 0:00:11]} Kd6 {[%emt 0:00:01]} 39. Rxc5 {[%emt 0:00:14]} Kxc5 {[%emt 0:00:01]} 40. a5 {[%emt 0:00:01]} Bd5 {[%emt 0:00:33]} 41. Bf5 {[%emt 0:00:24]} Be6 {[%emt 0:00:28]} 42. Bd3 {[%emt 0:00:18]} Bd5 {[%emt 0:00:05]} 43. Kc2 {[%emt 0:00:06]} Kb4 {[%emt 0:00:12]} 44. a6 {[%emt 0:00:01]} Ka5 {[%emt 0:00:03]} 45. Kd2 {[%emt 0:00:15]} Kb6 {[%emt 0:00:04]} 46. Be2 {[%emt 0:00:04]} Be4 {[%emt 0:00:04]} 47. Bd3 {[%emt 0:00:12]} f5 48. Bc4 {[%emt 0:00:13]} Ka7 {[%emt 0:00:06]} 49. Kc1 {[%emt 0:00:06]} Kb6 {[%emt 0:00:01]} 50. Kd2 {[%emt 0:00:08]} Ka7 {[%emt 0:00:02]} 51. Bf1 {[%emt 0:00:04]} Kb6 {[%emt 0:00:01]} 52. Kc1 {[%emt 0:00:02]} Ka7 {[%emt 0:00:01]} 53. Kb2 {[%emt 0:00:04]} Kb6 {[%emt 0:00:00]} 54. Kb3 {[%emt 0:00:04]} Kc5 {[%emt 0:00:01]} 55. Bc4 {[%emt 0:00:36]} Bc6 {[%emt 0:00:33]} 56. Bd3 {[%emt 0:00:19]} Bd5+ {[%emt 0:00:31]} 57. Ka4 {[%emt 0:00:01]} Kb6 {[%emt 0:01:25]} 58. Kb4 {[%emt 0:00:01]} Be4 {[%emt 0:00:04]} 59. Kc4 {[%emt 0:00:14]} Bxd3+ {[%emt 0:01:35]} 60. Kxd3 {[%emt 0:00:01]} Kxa6 61. Kxd4 {[%emt 0:00:01]} f4 {[%emt 0:00:01]} 62. gxf4 {[%emt 0:00:00]} Kb5 63. Ke4 1-0

[Event "EIRCC 2019"]
[Site "Tallinn"]
[Date "2019.12.05"]
[Round "4.27"]
[White "Pohjala, Henri"]
[Black "Szadkowski, Kamil"]
[Result "1-0"]
[WhiteElo "2418"]
[BlackElo "2222"]
[Annotator "NA"]
[PlyCount "83"]
[EventDate "2019.12.05"]
[EventType "swiss"]
[EventCountry "EST"]
[SourceTitle "playchess.com"]
[Source "ChessBase"]
[SourceQuality "1"]
[TimeControl "900+10"]

1. d4 {[%emt 0:00:00]} Nf6 {[%emt 0:00:00]} 2. Bg5 {[%emt 0:00:00]} Ne4 {[%emt 0:00:00]} 3. Bf4 {[%emt 0:00:00]} e6 {[%emt 0:00:00]} 4. f3 {[%emt 0:00:00]} Bb4+ {[%emt 0:00:04]} 5. c3 {[%emt 0:00:05]} Bd6 {[%emt 0:00:01]} 6. Bxd6 {[%emt 0:00:04]} Nxd6 {[%emt 0:00:01]} 7. e4 {[%emt 0:00:02]} f5 {[%emt 0:00:02]} 8. e5 {[%emt 0:00:22]} Nf7 {[%emt 0:00:02]} 9. f4 {[%emt 0:00:03]} b6 {[%emt 0:00:22]} 10. Be2 {[%emt 0:04:30]} Bb7 {[%emt 0:01:04]} 11. Bf3 {[%emt 0:00:29]} Bxf3 {[%emt 0:01:00]} 12. Nxf3 {[%emt 0:01:47]} g5 {[%emt 0:00:54]} 13. fxg5 {[%emt 0:00:47]} Nxg5 {[%emt 0:00:04]} 14. Nbd2 {[%emt 0:00:16]} Nc6 {[%emt 0:00:19]} 15. Qe2 {[%emt 0:00:42]} Qe7 {[%emt 0:00:14]} 16. a4 {[%emt 0:00:58]} O-O {[%emt 0:00:39]} 17. O-O {[%emt 0:00:46]} Kh8 {[%emt 0:00:04]} 18. Nxg5 {[%emt 0:00:56]} Qxg5 {[%emt 0:00:03]} 19. Rf3 {[%emt 0:00:05]} Rg8 {[%emt 0:00:12]} 20. Raf1 {[%emt 0:00:38]} Ne7 {[%emt 0:00:11]} 21. Kh1 {[%emt 0:01:35]} Qh5 {[%emt 0:00:39]} 22. Qf2 {[%emt 0:00:14]} Rg4 {[%emt 0:00:08]} 23. Rh3 {[%emt 0:02:21]} Qg6 {[%emt 0:00:12]} 24. Rh4 {[%emt 0:00:09]} Rg8 {[%emt 0:00:16]} 25. Rxg4 {[%emt 0:00:10]} Qxg4 {[%emt 0:00:02]} 26. h3 {[%emt 0:00:52]} Qh5 {[%emt 0:01:25]} 27. Nf3 {[%emt 0:00:14]} Ng6 {[%emt 0:01:54]} 28. Qe3 {[%emt 0:00:46]} Ne7 {[%emt 0:00:32]} 29. c4 {[%emt 0:00:09]} Rg4 {[%emt 0:01:23]} 30. d5 {[%emt 0:00:44]} f4 {[%emt 0:04:01]} 31. Qd3 {[%emt 0:00:01]} Nf5 {[%emt 0:00:01]} 32. dxe6 {[%emt 0:00:16]} Qg6 {[%emt 0:02:54]} 33. Qd2 {[%emt 0:00:17]} Ng3+ {[%emt 0:00:10]} 34. Kg1 {[%emt 0:00:02]} Nxf1 {[%emt 0:00:09]} 35. Kxf1 {[%emt 0:00:03]} Qb1+ {[%emt 0:00:24]} 36. Ne1 {[%emt 0:00:23]} Rg8 {[%emt 0:00:03]} 37. exd7 {[%emt 0:00:06]} Rd8 {[%emt 0:00:03]} 38. Qd4 {[%emt 0:00:16]} f3 {[%emt 0:00:10]} 39. e6+ {[%emt 0:00:06]} Kg8 {[%emt 0:00:01]} 40. e7 {[%emt 0:00:11]} fxg2+ {[%emt 0:00:01]} 41. Kxg2 {[%emt 0:00:01]} Qg6+ {[%emt 0:00:02]} 42. Kh2 {[%emt 0:00:12]} 1-0

[Event "EIRCC 2019"]
[Site "Tallinn"]
[Date "2019.12.05"]
[Round "4.28"]
[White "Martynov, Roman"]
[Black "Vlassow, Valentin"]
[Result "1-0"]
[WhiteElo "2269"]
[BlackElo "2394"]
[Annotator "NA"]
[PlyCount "73"]
[EventDate "2019.12.05"]
[EventType "swiss"]
[EventCountry "EST"]
[SourceTitle "playchess.com"]
[Source "ChessBase"]
[SourceQuality "1"]
[TimeControl "900+10"]

1. d4 {[%emt 0:00:00]} d5 {[%emt 0:00:00]} 2. c4 {[%emt 0:00:00]} Bf5 {[%emt 0:00:00]} 3. cxd5 {[%emt 0:00:23]} Bxb1 {[%emt 0:00:00]} 4. Qa4+ {[%emt 0:00:03]} c6 {[%emt 0:00:00]} 5. dxc6 {[%emt 0:00:05]} Nxc6 {[%emt 0:00:00]} 6. Rxb1 {[%emt 0:00:03]} e5 {[%emt 0:00:00]} 7. Bd2 {[%emt 0:00:07]} exd4 {[%emt 0:00:00]} 8. g3 {[%emt 0:00:09]} Bc5 {[%emt 0:00:39]} 9. Bg2 {[%emt 0:00:02]} Nge7 {[%emt 0:00:00]} 10. Nh3 {[%emt 0:00:08]} O-O {[%emt 0:00:02]} 11. Nf4 {[%emt 0:00:26]} Re8 {[%emt 0:00:05]} 12. O-O {[%emt 0:00:16]} Bb6 {[%emt 0:03:30]} 13. Rfe1 {[%emt 0:00:12]} Rc8 {[%emt 0:00:15]} 14. Rbc1 {[%emt 0:00:03]} Ng6 {[%emt 0:02:04]} 15. Nd3 {[%emt 0:04:19]} Qf6 {[%emt 0:00:37]} 16. Qb5 {[%emt 0:00:26]} h6 {[%emt 0:00:29]} 17. a4 {[%emt 0:00:09]} Re7 {[%emt 0:04:30]} 18. Bb4 {[%emt 0:04:48]} Rec7 {[%emt 0:02:39]} 19. a5 {[%emt 0:00:13]} Nxb4 {[%emt 0:00:02]} 20. Rxc7 {[%emt 0:00:05]} Rxc7 {[%emt 0:00:41]} 21. Qxb4 {[%emt 0:00:27]} Bxa5 {[%emt 0:00:37]} 22. Qxa5 {[%emt 0:00:01]} b6 {[%emt 0:00:04]} 23. Qa4 {[%emt 0:00:01]} Re7 {[%emt 0:00:18]} 24. Qc6 {[%emt 0:00:33]} Qf5 {[%emt 0:00:10]} 25. Qd5 {[%emt 0:00:14]} Qf6 {[%emt 0:00:16]} 26. Bf3 {[%emt 0:00:19]} Rc7 {[%emt 0:00:08]} 27. Rc1 {[%emt 0:00:11]} Rxc1+ {[%emt 0:00:03]} 28. Nxc1 {[%emt 0:00:00]} a5 {[%emt 0:00:38]} 29. Nd3 {[%emt 0:00:13]} Nf8 {[%emt 0:00:19]} 30. Qe5 {[%emt 0:00:10]} Qd8 {[%emt 0:00:06]} 31. Bd5 {[%emt 0:00:19]} Nd7 {[%emt 0:00:12]} 32. Qxd4 {[%emt 0:00:10]} Qe7 {[%emt 0:00:03]} 33. Qe4 {[%emt 0:00:18]} Qd8 {[%emt 0:00:08]} 34. Ne5 {[%emt 0:01:44]} Nf6 {[%emt 0:00:02]} 35. Bxf7+ {[%emt 0:00:11]} Kf8 {[%emt 0:00:03]} 36. Qc4 {[%emt 0:00:19]} g5 {[%emt 0:00:09]} 37. Bh5 {[%emt 0:01:04]} 1-0

[Event "EIRCC 2019"]
[Site "Tallinn"]
[Date "2019.12.05"]
[Round "4.29"]
[White "Dragnev, Valentin"]
[Black "Azimov, Ilyas"]
[Result "0-1"]
[WhiteElo "2380"]
[BlackElo "2203"]
[Annotator "NA"]
[PlyCount "154"]
[EventDate "2019.12.05"]
[EventType "swiss"]
[EventCountry "EST"]
[SourceTitle "playchess.com"]
[Source "ChessBase"]
[SourceQuality "1"]
[TimeControl "900+10"]

1. d4 {[%emt 0:00:00]} Nf6 {[%emt 0:00:00]} 2. c4 {[%emt 0:00:00]} e6 {[%emt 0:00:04]} 3. Nf3 {[%emt 0:00:01]} Bb4+ {[%emt 0:00:03]} 4. Bd2 {[%emt 0:00:01]} Qe7 {[%emt 0:00:20]} 5. a3 {[%emt 0:00:17]} Bxd2+ {[%emt 0:00:07]} 6. Qxd2 {[%emt 0:00:02]} b6 {[%emt 0:00:22]} 7. g3 {[%emt 0:00:04]} Bb7 {[%emt 0:00:07]} 8. Bg2 {[%emt 0:00:02]} O-O {[%emt 0:00:25]} 9. O-O {[%emt 0:00:03]} d6 {[%emt 0:00:16]} 10. Nc3 {[%emt 0:00:44]} Nbd7 {[%emt 0:00:35]} 11. Qc2 {[%emt 0:00:19]} e5 {[%emt 0:01:42]} 12. d5 {[%emt 0:01:43]} a5 {[%emt 0:00:28]} 13. Nh4 {[%emt 0:01:10]} g6 {[%emt 0:00:29]} 14. e4 {[%emt 0:00:07]} Nh5 {[%emt 0:00:34]} 15. Nf3 {[%emt 0:00:41]} Nc5 {[%emt 0:00:43]} 16. b4 {[%emt 0:00:08]} Nd7 {[%emt 0:00:32]} 17. Rfe1 {[%emt 0:01:25]} Ng7 {[%emt 0:00:27]} 18. Nb5 {[%emt 0:00:29]} Rfc8 {[%emt 0:00:27]} 19. Qd3 {[%emt 0:00:10]} Ba6 {[%emt 0:00:26]} 20. Rac1 {[%emt 0:00:46]} Bxb5 {[%emt 0:01:02]} 21. cxb5 {[%emt 0:00:02]} axb4 {[%emt 0:00:02]} 22. axb4 {[%emt 0:00:06]} Ra7 {[%emt 0:00:08]} 23. Rc3 {[%emt 0:03:04]} Rca8 {[%emt 0:00:21]} 24. Bh3 {[%emt 0:00:48]} Nf6 {[%emt 0:00:50]} 25. Rec1 {[%emt 0:00:09]} Nge8 {[%emt 0:00:28]} 26. Kg2 {[%emt 0:00:09]} Kg7 {[%emt 0:00:48]} 27. Nd2 {[%emt 0:00:33]} Ra2 {[%emt 0:00:21]} 28. Nc4 {[%emt 0:00:36]} Nh5 {[%emt 0:00:59]} 29. Qe3 {[%emt 0:00:02]} h6 {[%emt 0:00:53]} 30. Bg4 {[%emt 0:01:47]} Nhf6 {[%emt 0:00:14]} 31. Be2 {[%emt 0:00:41]} R2a4 {[%emt 0:00:19]} 32. Rb1 {[%emt 0:00:08]} R4a7 {[%emt 0:00:41]} 33. h3 {[%emt 0:00:16]} Ra4 {[%emt 0:00:22]} 34. Bd1 {[%emt 0:00:08]} R4a7 {[%emt 0:00:03]} 35. Be2 {[%emt 0:00:16]} Ra4 {[%emt 0:00:02]} 36. Bd3 {[%emt 0:00:06]} Nh5 {[%emt 0:00:21]} 37. Kh2 {[%emt 0:00:39]} Qg5 {[%emt 0:00:31]} 38. Qe2 {[%emt 0:00:12]} Ra2 {[%emt 0:00:10]} 39. Rc2 {[%emt 0:00:27]} Ra1 {[%emt 0:00:56]} 40. Qd1 {[%emt 0:00:12]} Rxb1 {[%emt 0:00:15]} 41. Qxb1 {[%emt 0:00:01]} Ra7 {[%emt 0:00:16]} 42. Be2 {[%emt 0:00:23]} Kh8 {[%emt 0:02:30]} 43. h4 {[%emt 0:00:03]} Qf6 {[%emt 0:00:13]} 44. Bxh5 {[%emt 0:00:19]} gxh5 {[%emt 0:00:02]} 45. Qd1 {[%emt 0:00:05]} Qg6 {[%emt 0:00:05]} 46. Qf3 {[%emt 0:00:54]} Nf6 {[%emt 0:00:11]} 47. Re2 {[%emt 0:00:44]} Ra1 {[%emt 0:00:07]} 48. Nd2 {[%emt 0:00:13]} Ra2 {[%emt 0:00:18]} 49. Qb3 {[%emt 0:00:17]} Ra1 {[%emt 0:00:24]} 50. Qc3 {[%emt 0:00:07]} Ra2 {[%emt 0:00:22]} 51. f3 {[%emt 0:00:44]} Ra7 {[%emt 0:00:16]} 52. Nf1 {[%emt 0:00:02]} Ne8 {[%emt 0:00:20]} 53. Ne3 {[%emt 0:00:01]} Ng7 {[%emt 0:00:04]} 54. Qd3 {[%emt 0:00:12]} Ra4 {[%emt 0:00:22]} 55. Rb2 {[%emt 0:00:10]} Ra1 {[%emt 0:00:07]} 56. Kg2 {[%emt 0:00:02]} Qf6 {[%emt 0:00:13]} 57. Rc2 {[%emt 0:00:04]} Ra7 {[%emt 0:00:03]} 58. Qd2 {[%emt 0:00:13]} Kh7 {[%emt 0:00:07]} 59. Qc1 {[%emt 0:00:13]} Qe7 {[%emt 0:00:07]} 60. Qd2 {[%emt 0:00:33]} Qd7 {[%emt 0:00:06]} 61. Qd3 {[%emt 0:00:02]} Qe7 {[%emt 0:00:09]} 62. Kh2 {[%emt 0:00:02]} Qf6 {[%emt 0:00:12]} 63. Rf2 {[%emt 0:00:18]} Ra4 {[%emt 0:00:13]} 64. Qb3 {[%emt 0:00:05]} Ra7 {[%emt 0:00:07]} 65. Qc2 {[%emt 0:00:08]} Kg8 {[%emt 0:00:18]} 66. Qc6 {[%emt 0:00:18]} Ra3 {[%emt 0:00:23]} 67. Qc1 {[%emt 0:00:01]} Ra7 {[%emt 0:00:01]} 68. Kg2 {[%emt 0:00:02]} Qg6 {[%emt 0:00:04]} 69. Rc2 {[%emt 0:00:06]} f5 {[%emt 0:00:28]} 70. Rxc7 {[%emt 0:01:10]} Rxc7 {[%emt 0:00:01]} 71. Qxc7 {[%emt 0:00:01]} fxe4 {[%emt 0:00:00]} 72. Qxb6 {[%emt 0:00:28]} exf3+ {[%emt 0:00:09]} 73. Kxf3 {[%emt 0:00:01]} Qf6+ {[%emt 0:00:15]} 74. Kg2 {[%emt 0:00:04]} e4 {[%emt 0:00:06]} 75. Kh3 {[%emt 0:00:23]} Qf3 {[%emt 0:00:12]} 76. Qd8+ {[%emt 0:00:14]} Kh7 {[%emt 0:00:05]} 77. Qb6 {[%emt 0:00:16]} Qh1# {[%emt 0:00:02]} 0-1

[Event "EIRCC 2019"]
[Site "Tallinn"]
[Date "2019.12.05"]
[Round "4.30"]
[White "Nazaretyan, Tigran"]
[Black "Saveljev, Ivan"]
[Result "1-0"]
[WhiteElo "2377"]
[BlackElo "2047"]
[Annotator "NA"]
[PlyCount "123"]
[EventDate "2019.12.05"]
[EventType "swiss"]
[EventCountry "EST"]
[SourceTitle "playchess.com"]
[Source "ChessBase"]
[SourceQuality "1"]
[TimeControl "900+10"]

1. d4 {[%emt 0:00:00]} Nf6 {[%emt 0:00:00]} 2. c4 {[%emt 0:00:00]} g6 {[%emt 0:00:00]} 3. Nc3 {[%emt 0:00:00]} d5 {[%emt 0:00:00]} 4. Nf3 {[%emt 0:00:00]} Bg7 {[%emt 0:00:00]} 5. Bg5 {[%emt 0:00:01]} Ne4 {[%emt 0:00:27]} 6. Bh4 {[%emt 0:00:04]} c6 {[%emt 0:01:06]} 7. e3 {[%emt 0:00:32]} Nxc3 {[%emt 0:00:41]} 8. bxc3 {[%emt 0:00:03]} O-O {[%emt 0:00:10]} 9. Qb3 {[%emt 0:01:14]} b6 {[%emt 0:01:04]} 10. Be2 {[%emt 0:00:56]} Bb7 {[%emt 0:00:12]} 11. O-O {[%emt 0:01:39]} Nd7 {[%emt 0:00:06]} 12. a4 {[%emt 0:00:47]} Re8 {[%emt 0:01:03]} 13. a5 {[%emt 0:00:08]} Ba6 {[%emt 0:01:07]} 14. axb6 {[%emt 0:01:36]} axb6 {[%emt 0:00:40]} 15. Rxa6 {[%emt 0:00:47]} Rxa6 {[%emt 0:00:03]} 16. cxd5 {[%emt 0:00:02]} Ra7 {[%emt 0:04:15]} 17. dxc6 {[%emt 0:00:15]} Nb8 {[%emt 0:00:01]} 18. Bc4 {[%emt 0:02:02]} Rf8 {[%emt 0:00:21]} 19. Ng5 {[%emt 0:00:21]} e6 {[%emt 0:02:34]} 20. Nxe6 {[%emt 0:03:17]} Qxh4 {[%emt 0:00:08]} 21. Nxf8 {[%emt 0:00:01]} Bxf8 {[%emt 0:00:03]} 22. Qxb6 {[%emt 0:01:05]} Bd6 {[%emt 0:00:04]} 23. g3 {[%emt 0:00:16]} Qe7 {[%emt 0:00:02]} 24. Rb1 {[%emt 0:00:32]} Qc7 {[%emt 0:03:50]} 25. Bd5 {[%emt 0:01:02]} Ra1 {[%emt 0:00:34]} 26. Kg2 {[%emt 0:02:03]} Rxb1 {[%emt 0:00:02]} 27. Qxb1 {[%emt 0:00:01]} Nxc6 {[%emt 0:00:02]} 28. Qb5 {[%emt 0:00:03]} Nd8 {[%emt 0:00:15]} 29. c4 {[%emt 0:00:03]} Bf8 {[%emt 0:00:23]} 30. c5 {[%emt 0:00:16]} Ne6 {[%emt 0:00:17]} 31. Qe8 {[%emt 0:00:31]} Qe7 {[%emt 0:00:15]} 32. Qc8 {[%emt 0:00:13]} Nxc5 {[%emt 0:00:18]} 33. dxc5 {[%emt 0:00:05]} Qxc5 {[%emt 0:00:00]} 34. Qb7 {[%emt 0:00:15]} Qe7 {[%emt 0:00:03]} 35. Qb3 {[%emt 0:00:02]} Kg7 {[%emt 0:00:09]} 36. e4 {[%emt 0:00:09]} Qc7 {[%emt 0:00:07]} 37. Qb2+ {[%emt 0:00:04]} Kg8 {[%emt 0:00:24]} 38. Qb5 {[%emt 0:00:00]} Kg7 {[%emt 0:00:07]} 39. h4 {[%emt 0:00:02]} Bc5 {[%emt 0:00:06]} 40. Qb2+ {[%emt 0:00:04]} Kg8 {[%emt 0:00:04]} 41. h5 {[%emt 0:00:17]} Qb6 {[%emt 0:00:23]} 42. Qa2 {[%emt 0:00:07]} Qa7 {[%emt 0:00:12]} 43. Qe2 {[%emt 0:00:17]} Kg7 {[%emt 0:00:13]} 44. Qf3 {[%emt 0:00:06]} Bd4 {[%emt 0:00:05]} 45. Qf4 {[%emt 0:00:10]} gxh5 46. Qg5+ {[%emt 0:00:03]} Kf8 {[%emt 0:00:20]} 47. Qh6+ {[%emt 0:00:09]} Ke8 {[%emt 0:00:17]} 48. Qxh7 {[%emt 0:00:11]} Bc5 {[%emt 0:00:12]} 49. Qh8+ {[%emt 0:00:07]} Ke7 {[%emt 0:00:09]} 50. Qxh5 {[%emt 0:00:09]} Kf8 {[%emt 0:00:06]} 51. Qh8+ {[%emt 0:00:07]} Ke7 {[%emt 0:00:01]} 52. Qe5+ {[%emt 0:00:01]} Kf8 {[%emt 0:00:03]} 53. Qf5 {[%emt 0:00:23]} Bd4 {[%emt 0:00:02]} 54. g4 {[%emt 0:00:08]} Qc7 {[%emt 0:00:17]} 55. g5 {[%emt 0:00:08]} Kg7 {[%emt 0:00:01]} 56. Qh3 {[%emt 0:00:42]} Qf4 {[%emt 0:00:10]} 57. Qg3 {[%emt 0:00:21]} Be5 {[%emt 0:00:10]} 58. Kh3 {[%emt 0:00:21]} Kg6 {[%emt 0:00:11]} 59. Qxf4 {[%emt 0:00:01]} Bxf4 {[%emt 0:00:01]} 60. Kg4 {[%emt 0:00:01]} Bxg5 {[%emt 0:00:07]} 61. Bxf7+ {[%emt 0:00:01]} Kf6 {[%emt 0:00:06]} 62. e5+ {[%emt 0:00:02]} 1-0